00333nam a2200121Ia 4500008004100000020001500041050001500056100002400071245004200095260003700137300002400174650001300198150202s9999 xx 000 0 und d a055323272X aFIC bFIC  aForsyth, Frederick. 4aThe dogs of war /cFrederick Forsyth. aNew York :bBantam Books,c1981. a370 pages :c18 cm. aFiction.